header

Gaza (Record no. 219635)

MARC details
000 -LEADER
fixed length control field 01590nam a2200397 a 4500
100 1# - MAIN ENTRY--AUTHOR NAME
Personal name Lock, Sharyn.
245 10 - TITLE STATEMENT
Title Gaza
260 ## - PUBLICATION, DISTRIBUTION, ETC. (IMPRINT)
Place of publication London ;
-- New York :
Name of publisher Pluto ;
Place of publication New York :
Name of publisher Distributed in the United States of America exclusively by Palgrave Macmillan,
Year of publication 2010.
300 ## - PHYSICAL DESCRIPTION
Number of Pages xiv, 226 p. :
Other physical details ill., map.
650 #0 - SUBJECT ADDED ENTRY--TOPICAL TERM
Topical Term Gaza War, 2008-2009
700 1# - ADDED ENTRY--PERSONAL NAME
Personal name Irving, Sarah.
Personal name Falk, Richard.
856 40 - ELECTRONIC LOCATION AND ACCESS
Uniform Resource Identifier http://site.ebrary.com/lib/rucke/Doc?id=10479743

No items available.

© 2026 Rongo University
Contact us: librarian | system librarian | Rongo university